All hell breaking loose : the Pentagon's ... Read More
Available copies
- 2 of 2 copies available at LARL/NWRL Consortium.
- 1 of 1 copy available at Lake Agassiz Regional Library. (Show preferred library)
Current holds
0 current holds with 2 total copies.
Show Only Available Copies
| Location | Call Number / Copy Notes | Barcode | Shelving Location | Status | Due Date |
|---|---|---|---|---|---|
| Detroit Lakes Public Library | 355.2097 KLA (Text) | 33500013176383 | Main | Available | - |
| Warroad Public Library | 355.2097 KLA (Text) | 35500006259111 | Main | Available | - |
Record details
- ISBN: 9781627792486
- ISBN: 1627792481
- Physical Description: viii, 293 pages : maps ; 25 cm
- Edition: First edition.
- Publisher: New York : Metropolitan Books, Henry Holt and Company, 2019.
- Copyright: ©2019
Content descriptions
| Bibliography, etc. Note: | Includes bibliographical references (pages ... Read More |
| Formatted Contents Note: | Introduction -- A world besieged : the climate ... Read More |
| Summary, etc.: | Drawing on previously obscure reports and ... Read More |
Search for related items by subject
| LDR | 02973cam a2200517Ii 4500 | ||
|---|---|---|---|
| 001 | 321742 | ||
| 003 | LARL_NWRL_CONSORTIUM | ||
| 005 | 20191217211335.0 | ||
| 008 | 191107t20192019nyub b 001 0 eng d | ||
| 040 | . | ‡aNjBwBT ‡beng ‡erda ‡cFMG ‡dFMG ‡dOCLCO ‡dUKMGB ‡dRB0 ‡dLMJ ‡dHQD ‡dTCH ‡dMEU ‡dUAP ‡dYDXIT ‡dOCLCQ ‡dUAP ‡dILM ‡dOCLCF | |
| 015 | . | ‡aGBB9H6888 ‡2bnb | |
| 016 | 7 | . | ‡a019590471 ‡2Uk |
| 019 | . | ‡a1121661152 ‡a1127908584 | |
| 020 | . | ‡a9781627792486 ‡q(hardcover) | |
| 020 | . | ‡a1627792481 ‡q(hardcover) | |
| 035 | . | ‡a(OCoLC)1126650652 ‡z(OCoLC)1121661152 ‡z(OCoLC)1127908584 | |
| 043 | . | ‡an-us--- | |
| 082 | 0 | 4. | ‡a355.20973 ‡223 |
| 100 | 1 | . | ‡aKlare, Michael T., ‡d1942- ‡eauthor. |
| 245 | 1 | 0. | ‡aAll hell breaking loose : ‡bthe Pentagon's perspective on climate change / ‡cMichael T. Klare. |
| 250 | . | ‡aFirst edition. | |
| 264 | 1. | ‡aNew York : ‡bMetropolitan Books, Henry Holt and Company, ‡c2019. | |
| 264 | 4. | ‡c©2019 | |
| 300 | . | ‡aviii, 293 pages : ‡bmaps ; ‡c25 cm | |
| 336 | . | ‡atext ‡btxt ‡2rdacontent | |
| 336 | . | ‡acartographic image ‡bcri ‡2rdacontent | |
| 337 | . | ‡aunmediated ‡bn ‡2rdamedia | |
| 338 | . | ‡avolume ‡bnc ‡2rdacarrier | |
| 504 | . | ‡aIncludes bibliographical references (pages [239]-278) and index. | |
| 520 | . | ‡aDrawing on previously obscure reports and government documents, renowned security expert Klare shows that the U.S. military sees the climate threat as imperiling the country on several fronts at once. | |
| 505 | 0 | . | ‡aIntroduction -- A world besieged : the climate threat to American national security -- Humanitarian emergencies : climate disasters, civil disorder, and U. S. military relief operations -- States on the brink : Resource scarcity, ethnic strife, and government collapse -- Global shock waves : food shortages, energy crises, pandemics, and mass migrations -- Great-power clashes : the melting Arctic and other conflict zones -- The homeland at risk : domestic climate disasters and the military's strategic predicament -- No safe harbors : the climate change threat to American military facilities -- Going green : the Pentagon as change agent. |
| 650 | 0. | ‡aClimatic changes ‡xGovernment policy ‡zUnited States. | |
| 650 | 0. | ‡aNational security ‡xEnvironmental aspects ‡zUnited States. | |
| 650 | 0. | ‡aSecurity, International ‡xEnvironmental aspects. | |
| 650 | 7. | ‡aSCIENCE ‡xGlobal Warming & Climate Change. ‡2bisacsh | |
| 650 | 7. | ‡aPOLITICAL SCIENCE ‡xPublic Policy ‡xEnvironmental Policy. ‡2bisacsh | |
| 650 | 7. | ‡aPOLITICAL SCIENCE ‡xSecurity (National & International) ‡2bisacsh | |
| 650 | 7. | ‡aClimatic changes ‡xGovernment policy. ‡2fast ‡0(LARL_NWRL_CONSORTIUM)162649 | |
| 650 | 7. | ‡aNational security ‡xEnvironmental aspects. ‡2fast | |
| 650 | 7. | ‡aSecurity, International ‡xEnvironmental aspects. ‡2fast | |
| 651 | 7. | ‡aUnited States. ‡2fast ‡0(LARL_NWRL_CONSORTIUM)178480 | |
| 901 | . | ‡a321742 ‡bOCoLC ‡c321742 ‡tbiblio ‡soclc | |

Add to basket
Permalink
Disable Highlighting